The day is short : an autobiography /

Bibliographic Details
Main Author: Abram, Morris B.
Format: Book
Language:English
Published: New York : Harcourt Brace Jovanovich, [1982]
Edition:1st ed.
Subjects:

MARC

Tag First Indicator Second Indicator Subfields
LEADER 00000pam a2200000 a 4500
001 in00000091284
005 20150923131614.0
008 820422s1982 nyucf 00110aeng
010 |a  80008738  
020 |a 0151239827 :  |c $14.95 
035 |a (OCoLC)08430439 
035 |9 AAK6876AM 
039 0 |a 2  |b 3  |c 3  |d 3  |e 3 
040 |a DLC  |c DLC  |d TXA  |d UtOrBLW 
043 |a n-us--- 
049 |a TXAM  |c [1272582] 
050 0 0 |a KF373 A27  |b  A327 1982 
082 0 |a 349.73/092/4  |a B  |a 347.300924  |a B  |2 19 
100 1 |a Abram, Morris B. 
245 1 4 |a The day is short :  |b an autobiography /  |c Morris B. Abram. 
250 |a 1st ed. 
264 1 |a New York :  |b Harcourt Brace Jovanovich,  |c [1982] 
264 4 |c ©1982 
300 |a vii, 280 pages, 16 unnumbered pages of plates :  |b portraits ;  |c 22 cm. 
336 |a text  |b txt  |2 rdacontent 
337 |a unmediated  |b n  |2 rdamedia 
338 |a volume  |b nc  |2 rdacarrier 
500 |a Includes index. 
600 1 0 |a Abram, Morris B. 
650 0 |a Lawyers  |z United States  |v Biography. 
999 |a MARS 
999 f f |s e27c5acc-921e-3069-a17c-f4efe292fb94  |i 4c597923-272b-3a26-a8e6-087aeb4d0594  |t 0 
952 f f |p ric  |a Texas A&M University  |b Rellis Campus  |c Joint Library Facility  |d Remote Storage  |t 0  |e KF373.A27 A327 1982  |h Library of Congress classification  |i unmediated -- volume  |m A14839043448 
998 f f |a KF373.A27 A327 1982  |t 0  |l Remote Storage